000
00326nam a2200133Ia 4500
005
20251222151257.0
008
251222s9999||||xx |||||||||||||| ||spa||
020
_a
9786075265049
082
_a
658.155.2/E37
100
_a
Elcira, Beatrice
245
0
_a
Administración de Costos:
264
_b
CENGAGE Learning
942
_c
LIB
999
_c
22862
_d
22862